Yeat - Flawlëss Lyrics - Statistics

General Stats
  • This quiz has been taken 232 times
  • The average score is 178 of 365
Answer Stats
Answer % Correct
I
94%
i
94%
Flawless
89%
flawless
89%
a
88%
the
78%
The
78%
yeah
77%
Yeah
77%
You
77%
you
77%
in
76%
Money
74%
don't
68%
Tonka
68%
exist
66%
Perc
66%
Perc'
66%
it
65%
like
65%
Take
65%
take
65%
that
63%
swollen
55%
love
54%
that's
54%
heartless
52%
still
52%
They
52%
they
52%
is
51%
kid
51%
car
50%
cyst
50%
faith
50%
put
50%
she
50%
Even
49%
even
49%
am
48%
on
48%
I'm
47%
huh
46%
my
46%
Got
44%
got
44%
n***a
44%
shit
43%
though
42%
done
41%
big
40%
N***as
40%
n***as
40%
and
39%
And
39%
Bentley
38%
again
35%
these
35%
watch
35%
body
34%
with
34%
Vampire
33%
Cartiers
32%
me
32%
par
32%
spin
31%
tripled
31%
Buffy
30%
then
30%
up
30%
doubled
29%
million
29%
bitch
28%
molly
28%
one
28%
Slayer
28%
dollars
27%
off
27%
so
26%
was
25%
Mulsanne
24%
road
24%
When
24%
her
23%
peel
23%
Rock
23%
ass
20%
condom
20%
new
20%
raw
20%
golf
19%
party
19%
This
19%
this
19%
twizzy
19%
young
18%
Young
18%
ba-a-ands
16%
bands
16%
broke
16%
play
16%
rockin'
16%
all
15%
Balenciaga
15%
hangar
15%
Mixed
15%
pack
15%
sorry
15%
treat
15%
use
15%
it's
14%
popped
14%
cost
13%
fresh
13%
Marge
13%
Marry
13%
Run
13%
Dickie
12%
life
12%
Marni
12%
Minnie
12%
only
12%
racks
12%
stupid
12%
for
11%
give
11%
Mickey
11%
numbers
11%
Percocet
11%
switch
11%
time
11%
came
10%
here
10%
lemons
10%
Ren
10%
shoutout
10%
pants
9%
Ran
9%
them
9%
dizzy
8%
fa-a-ans
8%
Lil'
8%
limit
8%
two
8%
Audemar
7%
Bennie
7%
business
7%
crush
7%
Glocks
7%
Maaly
7%
mice
7%
right
7%
scrimmage
7%
own
6%
pushin'
6%
rats
6%
Simply
6%
sneaker
6%
mixin'
5%
Parras
5%
handlin'
4%
just
4%
Perky
4%
Shuzoes
4%
named
2%
Stimpy
2%
No matching quizzes found
Score Distribution
Percent of People with Each Score
Percentile by Number Answered
Your Score History
You have not taken this quiz